| 000 | 01181cam a22003134a 4500 | ||
|---|---|---|---|
| 001 | 13575248 | ||
| 005 | 20250223104226.0 | ||
| 008 | 040427s2004 pau bf 001 0 eng | ||
| 020 | _a0781750792 (pbk.) | ||
| 050 | 0 | 0 |
_aRJ48 _b.S45 2004 |
| 082 | 0 | 0 |
_a618.92 _222 |
| 100 | 1 |
_aSchmitt, Barton D., _d1937- |
|
| 245 | 1 | 0 |
_aPediatric telephone advice / _cBarton D. Schmitt. |
| 250 | _a3rd ed. | ||
| 260 |
_aPhiladelphia : _bLippincott Williams & Wilkins, _cc2004. |
||
| 300 |
_axiii, 479 p. ; _c24 cm. |
||
| 650 | 0 |
_aPediatrics _vHandbooks, manuals, etc. |
|
| 650 | 0 |
_aCommunication in pediatrics _vHandbooks, manuals, etc. |
|
| 650 | 0 |
_aTelephone in medicine _vHandbooks, manuals, etc. |
|
| 650 | 0 |
_aTriage (Medicine) _vHandbooks, manuals, etc. |
|
| 650 | 0 |
_aMedical protocols _vHandbooks, manuals, etc. |
|
| 650 | 1 | 2 |
_aPediatrics _vHandbooks. |
| 650 | 2 | 2 |
_aCommunication _vHandbooks. |
| 650 | 2 | 2 |
_aTelephone _vHandbooks. |
| 650 | 2 | 2 |
_aTriage _vHandbooks. |
| 856 | 4 | 1 |
_3Table of contents _uhttp://www.loc.gov/catdir/toc/ecip0417/2004009892.html |
| 856 | 4 | 2 |
_3Publisher description _uhttp://www.loc.gov/catdir/enhancements/fy0712/2004009892-d.html |
| 942 |
_2lcc _cBK _e3rd ed. _n0 |
||
| 999 |
_c4168 _d4168 |
||